01050 2200313 4500001002100000005001500021035002000036007000300056008004100059040002200100245016600122300003800288020002200326082001500348084001700363090002200380264004600402336002100448337003000469338002300499650001100522850001200533999002200545100004400567700004200611250003200653504002900685990002200714INLIS00000000087795420230412011910 a0010-0423000254ta230412s2023 yoia g | ind d aYOPDYOGbinderda10aBuku sakti pidato & MC :bbagaimana cara merebut perhatian orang lain semudah kedipan mata /cShafira Karima Ardanareswari; penyunting, Jemima Jannah Darla Putri ax, 354 halaman :bgambar ;c20 cm a978-623-400-548-604223a808.51 a808.51 SHA b aCB-D.11 2023-024731aYogyakarta :bAnak Hebat Indonesia,c2023 2rdacontentateks 2rdamediaatanpa perantara 2rdacarrieravolume 4aPidato aYOPDYOG aCB-D.11/2023-02470 aShafira Karima ArdanareswariePengarang0 aJemima Jannah Darla PutriePenyunting aCetakan Pertama: April 2023 aBibliografi: halaman 346 aCB-D.11/2023-0247